000 01109nam a2200241 i 4500
001 160100
003 ES-MaACL
005 20250407063119.0
008 950410s1892 sp af |||| | spa d
040 _aEUS
_bspa
_cEUS
100 1 _aMontojo, Patricio,
_d1839-1917
_982670
245 1 4 _aLas primeras tierras descubiertas por Colón
_b: ensayo crítico /
_cpor Patricio Montojo ; con la traducción al idioma francés...
260 _aMadrid :
_b[s.n.],
_c1892 (
_fEstablecimiento Tipográfico Sucesores de Rivadeneyra)
300 _a50 p., [4] h., III h. pleg. de mapa ;
_c33 cm.
530 _aDisponible en formato digital.
546 _aTexto en francés y español.
600 1 4 _aColón, Cristóbal-
_xFamilia.
_9157860
651 4 _aAmérica-
_xDescubrimientos y exploraciones-
_xEspañoles.
_9138324
852 _aES-MaACL
_jT-991-F-8
_z-- Enc. hol. conservando la cub. original
_z-- Donativo del autor, 1901
_z-- Enc. en un vol. facticio
856 _uhttp://bdh-rd.bne.es/viewer.vm?id=0000088257&page=1
_zBiblioteca Digital Hispánica
999 _c160100
_d160100